Poblet : espai i temps / text: Jesús M. Oliver ; fotografies: Francesc Bedmar espai i temps / text:

per Oliver, Jesús M.

ISBN: 84-7794-733-3
Publicat: Barceloma : Diputació de Barcelona , 2001
Descripció física: 234 p. : il. col. ; 28 x 32 cm
Altres autors: Bedmar, Francesc

MARC

LEADER 00000nam a2200000Ia 4500
001 13037
008 160829s2001 xx 000 0 cat d
020 |a 84-7794-733-3 
080 |a FOL-2-11 
100 |a Oliver, Jesús M.  |9 36630 
245 |a Poblet :  |b  espai i temps / text:  |b  Jesús M. Oliver ; fotografies:  |b  Francesc Bedmar 
250 |a 1a reimp. 
260 |a Barceloma :  |b Diputació de Barcelona,  |c 2001 
300 |a 234 p. :  |b  il. col. ;  |c 28 x 32 cm 
590 |a Bibliografia.  
590 |a Conté un plànol del Monestir 
650 |a Monestir de Santa Maria de Poblet  |x Història  |9 36631 
700 1 |a Bedmar, Francesc  |9 36632 
710 1 |a Barcelona (Catalunya : Província).  |b Diputació  |9 52408 
901 |a Arxiu 
942 |n 1 
952 |0 0  |1 0  |4 0  |6 FOL211  |7 1  |9 47402  |a Arxiu  |b Arxiu  |d 2016-12-01  |l 0  |o FOL-2-11  |p 13037  |r 2016-12-01 00:00:00  |w 2016-12-01  |y ARXIU 
999 |c 51200  |d 51200